000 00421nam a22001817a 4500
999 _c11787
_d11787
003 OSt
008 230130b ||||| |||| 00| 0 eng d
020 _a9789332584525
082 _a658.049 WII
100 _aWILD,John J
245 _aInternational Business
250 _a8th ed
260 _aUP
_bPearson
_c2017
300 _a460
650 _aInternational Business
700 _aWILD,Kenneth L
942 _2ddc
_cREF